Vplyv pandémie COVID-19 na podnikateľské prostredie krajín V4 diplomová práca

Gespeichert in:
Bibliographische Detailangaben
1. Verfasser: Kopčáková, Diana
Körperschaft: Obchodná fakulta EU. Katedra medzinárodného obchodu
Weitere Verfasser: Luptáková, Anabela, 1995-
Format: Buch
Sprache:Slowakisch
Veröffentlicht: Bratislava 2023
Tags: Tag hinzufügen
Keine Tags, Fügen Sie das erste Tag hinzu!

MARC

LEADER 00000nbm a2200000 4500
001 0295973
005 20240213140257.2
041 0 |a slo 
044 |a SK 
245 1 0 |a Vplyv pandémie COVID-19 na podnikateľské prostredie krajín V4  |b diplomová práca  |c Diana Kopčáková ; školiteľ: Anabela Luptáková 
264 1 |a Bratislava  |c 2023 
300 |a 73 s. 
100 1 |a Kopčáková, Diana 
700 1 |a Luptáková, Anabela, 1995- 
710 2 |a Obchodná fakulta EU. Katedra medzinárodného obchodu